| 000 | 00699nam a2200229 cb4500 | ||
|---|---|---|---|
| 001 | 000030303 | ||
| 003 | RuMoIPM | ||
| 005 | 20260414121034.0 | ||
| 008 | 230210s1987 ru ||||||| |||| ||rus d | ||
| 035 | _a(RuMoBEN) 002096731 | ||
| 035 | _a(ELAR retro) [2022] 000090432 | ||
| 040 |
_aRuMoBEN _brus _ercr |
||
| 041 | 0 |
_arus _hger |
|
| 044 | _aru | ||
| 080 | _a514 | ||
| 245 | 1 | 0 |
_aТ. 2 : Геометрия _cФ. Клейн |
| 250 | _a2-е изд. | ||
| 260 | _c1987 | ||
| 300 |
_a416 с. _bил. |
||
| 773 |
_aКлейн, Феликс _tЭлементарная математика с точки зрения высшей: В 2 т _dМосква: Наука, 1987- _w000030301 |
||
| 942 | _cBK | ||
| 999 |
_c30303 _d30303 |
||